El papá de noche / (Registro nro. 33335)

Detalles MARC
000 -CABECERA
Longitud fija campo de control 01227nam a2200373 a 4500
003 - • IDENTIFICADOR DELl NÚMERO DE CONTROL
Identificador del número de control CO-ViMGA
005 - • FECHA Y HORA DE LA ÚLTIMA TRANSACCIÓN
Fecha y hora de la última transacción 20230915232147.0
008 - • CÓDIGOS DE INFORMACIÓN DE LONGITUD FIJA
Códigos de información de longitud fija 141112s2004 ck r 000 u spa d
017 ## - NÚMERO DE COPYRIGHT O DE DEPÓSITO LEGAL
Número de copyright o de depósito legal B 2130 - 2003 Oficina Depósito Legal Barcelona
020 ## - • NÚMERO INTERNACIONAL NORMALIZADO PARA LIBROS
Número Internacional Normalizado para Libros (ISBN) 8426132863
040 ## - FUENTE DE LA CATALOGACIÓN
Centro catalogador de origen CO-ViMGA
Lengua de catalogación spa
Centro transcriptor CO-ViMGA
041 ## - • CÓDIGO DE LENGUA
Código de lengua del texto/banda sonora o título independiente spa swe
080 ## - NÚMERO DE LA CLASIFICACIÓN DECIMAL UNIVERSAL
Número de la Clasificación Decimal Universal 087.5 : 82
082 04 - • NÚMERO DE LA CLASIFICACIÓN DECIMAL DEWEY
Número de clasificación (R) 839.736 G74p
100 1# - • PUNTO DE ACCESO PRINCIPAL-NOMBRE DE PERSONA
Nombre de persona Gripe, Maria 1923 -
240 ## - • TÍTULO UNIFORME
Título uniforme <a href="Nattpappan Español">Nattpappan Español</a>
245 10 - • TITULO PROPIAMENTE DICHO
Título El papá de noche /
Mención de responsabilidad, etc. María Gripe ; ilustraciones de Harald Gripe ; traducción, Mariano Orta Manzano
250 ## - • MENCI&Oacute;N DE EDICI&Oacute;N
Mención de edición 1a. ed. en esta colección
300 ## - • DESCRIPCI&Oacute;N F&Iacute;SICA
Extensión 140 p. il. 22 cm
490 ## - • MENCI&Oacute;N DE SERIE
Mención de serie Colección Juventud
594 ## -
-- Traducción de : Nattpappan
650 14 - • PUNTO DE ACCESO ADICIONAL DE MATERIA - T&Eacute;RMINO DE MATERIA
Término de materia o nombre geográfico como elemento inicial Cuentos suecos
700 1# - • PUNTO DE ACCESO ADICIONAL - NOMBRE DE PERSONA
Nombre de persona Gripe, Harald
830 ## - • PUNTO DE ACCESO ADICIONAL DE SERIE - T&Iacute;TULO UNIFORME
Título uniforme Juventud (Editorial Juventud)
926 ## -
-- BNALCALA SG_PETANTI 12/176688 FONDO_MODE 1
942 ## - ENTRADA DE ELEMENTOS AGREGADOS (KOHA)
Fuente de clasificaión o esquema Dewey Decimal Classification
Koha [por defecto] tipo de item LIbro
956 ## - LOCALIZACI&Oacute;N Y ACCESO ELECTR&Oacute;NICO LOCAL (OCLC)
Nombre de la fuente 2
980 ## - EQUIVALENCIA O SECCI&Oacute;N-REFERENCIA-INFORME SERIES--NOMBRE &#47; T&Iacute;TULO DE PERSONA [LOCAL, CANADA]
Nombre personal 017. B 2130 - 2003 020. 84 - 261 - 3286 - 3 852. 40 M - BN BNALCALA MO04024471 12/176688 DG ALCALA
Existencias
Perdido Fuente de clasificaci&oacute;n o esquema Estado Físico No para pr&eacute;stamo Forma de adquisición Localizaci&oacute;n permanente Localizaci&oacute;n actual Fecha adquisici&oacute;n Serie de enumeraci&oacute;n &#47; cronolog&&iacute;acute;a Pr&eacute;stamos totales Signatura completa C&oacute;digo de barras Fecha &uacute;ltima consulta N&uacute;mero de copia Fecha del precio de reemplazo Tipo de item de Koha Localización en estanterías
  Dewey Decimal Classification     Colección General Biblioteca Pública Cumaral - Alvaro Garzon Torres Biblioteca Pública Cumaral - Alvaro Garzon Torres 07/10/2024     NGRI2 CUM0918 07/10/2024 Ej.1 07/10/2024 LIbro Literatura
  Dewey Decimal Classification     Sala General Segundo Piso Biblioteca Pública Germán Arciniegas - Villavicencio Biblioteca Pública Germán Arciniegas - Villavicencio 12/04/2015 18/nov/2014   839.736 G74p 27501 12/04/2015 Ej. 1 12/04/2015 LIbro  









Instituto Departamental de Cultura del Meta - Red Departamental de Bibliotecas Públicas del Meta.